Súčasnosť a perspektívy európskeho trhu s plynom

Plynárenstvo v EÚ. Otvorenie trhu s plynom v členských štátoch EÚ. Plynárenská smernica Európskej únie. Tranzitné plynovody v Európe. Štruktúra spotreby primárnych energetických zdrojov vo vybraných európskych štátoch roku 1999. Priemerné ceny plynu vo vybraných európskych štátoch.

Salvato in:
Dettagli Bibliografici
Autore principale: Ďurianová, Alica
Natura: Capitolo di libro
Lingua:slovacco
Soggetti:
Tags: Aggiungi Tag
Nessun Tag, puoi essere il primo ad aggiungerne!!

MARC

LEADER 00000naa a2200000 4500
001 r042333
005 20230801095837.6
041 0 |a slo 
044 |a SK 
245 1 0 |a Súčasnosť a perspektívy európskeho trhu s plynom  |c Alica Ďurianová 
520 |a Plynárenstvo v EÚ. Otvorenie trhu s plynom v členských štátoch EÚ. Plynárenská smernica Európskej únie. Tranzitné plynovody v Európe. Štruktúra spotreby primárnych energetických zdrojov vo vybraných európskych štátoch roku 1999. Priemerné ceny plynu vo vybraných európskych štátoch. 
610 2 0 |a priemysel plynárenský 
610 2 0 |a plynovody 
610 2 0 |a spotreba palív 
610 2 0 |a spotreba energie 
610 2 0 |a plyn 
610 2 0 |a plyn zemný 
610 2 0 |a ceny 
610 2 0 |a Európska únia 
100 1 |a Ďurianová, Alica